000 00255nam a2200109Ia 4500
999 _c7998
_d7998
020 _a 978-3030262525
100 _aOzsu, Valduriez
245 0 _aPrinciples Of Distributed Database Systems
260 _aUSA
_bMcGraw Hill
_c1992
300 _a735
942 _cBK